000
00233nam a2200097Ia 4500
001
899317
005
20250826184446.0
008
250824s9999 xx 000 0 und d
245
0
_a
ALPARSLAN
_c
MUSTAFA AKGÜN
260
_b
PANAMA YAYINLARI
999
_c
899317
_d
899317